Los fichajes más caros del fútbol - Laterales derechos - 2019-2020 - Estadísticas

Estadísticas generales
  • Esta prueba ha sido intentada 21 veces
  • La puntuación promedio es 4 de 12
Estadísticas de respuestas
Coste (M €) Nacionalidad Último club Nuevo club Jugador % Correcto
65,00 Portugal Juventus Manchester City João Cancelo
100%
22,00 Inglaterra Tottenham Atlético Madrid Kieran Trippier
85%
55,00 Inglaterra Crystal Palace Manchester United Aaron Wan-Bissaka
50%
12,00 Portugal Sporting Lisboa Valencia CF Thierry Correia
40%
9,80 Italia FC Empoli Nápoles Giovanni Di Lorenzo
35%
12,00 España Girona FC Manchester City Pedro Porro
30%
12,50 Austria RB SSalzburgo Borussia Mönchengladbach Stefan Lainer
25%
9,20 Suiza BSC Young Boys VfL Wolfsburgo Kevin Mbabu
20%
8,00 España SD Eibar Villarreal CF Rubén Peña
15%
9,80 Inglaterra / Nigeria Chelsea Torino Ola Aina
10%
8,00 Francia Montpellier Mónaco Ruben Aguilar
10%
8,00 Rusia Vitesse Zenti Vyacheslav Karavaev
5%
No se encontraron pruebas coincidentes
Distribución de puntuación
Porcentaje de gente con cada puntuación
Porcentaje por número respondido
Historial de tus puntuaciones
No has intentado esta prueba.